Cities by Skyline - Statistics

General Stats
  • This quiz has been taken 66 times
  • The average score is 7 of 16
Answer Stats
Picture Answer % Correct
Toronto
91%
Shanghai
84%
New York City
80%
Dubai
79%
Los Angeles
75%
Hong Kong
64%
London
41%
Mexico City
36%
Philadelphia
23%
Sydney
21%
Madrid
18%
Miami
18%
Beijing
14%
Jakarta
14%
Panama City
14%
Bangkok
4%
No matching quizzes found
Score Distribution
Percent of People with Each Score
Percentile by Number Answered
Your Score History
You have not taken this quiz